El avance de los desiertos y la sabana /
Guardado en:
| Autor Principal: | |
|---|---|
| Formato: | |
| Series: | La tierra en que vivimos
|
| Materias: | |
| Etiquetas: |
Agregar Etiqueta
Sin Etiquetas, Sea el primero en etiquetar este registro!
|
| LEADER | 00870ngm a22002775g 4500 | ||
|---|---|---|---|
| 001 | CEM.cems021434 | ||
| 008 | 130507b1992##################0###0#####d | ||
| 005 | 20240823134238.0 | ||
| 245 | 1 | 0 | |a El avance de los desiertos y la sabana / |c Nuño, Sergio |
| 300 | |a 54 | ||
| 490 | 0 | |a La tierra en que vivimos | |
| 500 | |a En soporte VHS, consultar en ventanilla. | ||
| 505 | 0 | |a Creciente aumento de la desertización en Africa. | |
| 538 | |a Soporte: VHS - Norma: Pal N - Color - Grabación Drd 1992 - Hitachi=4001 | ||
| 100 | 1 | |a Nuño, Sergio | |
| 082 | 9 | 1 | |/ NUñ |
| 653 | |a GEOGRAFIA | ||
| 653 | |a AFRICA | ||
| 653 | |a DESIERTOS | ||
| 653 | |a SABANA | ||
| 653 | |a AFRICA-GEOGRAFIA | ||
| 653 | |a ECOLOGIA | ||
| 653 | |a DESERTIZACION | ||
| 653 | |a NIVEL PRIMARIO | ||
| 653 | |a NIVEL SECUNDARIO | ||
| 859 | |a CEMS |b BIB. CEMS - Depto. Recursos Didacticos |h 910 |i NUñ |k DRD |p 77.12 |t Ej.1 | ||
